|
|
|
|
| LEADER |
01006nam a2200241 a 4500 |
| 001 |
GR-MES10445 |
| 008 |
060710s nyu b 001 0 gre d |
| 020 |
|
|
|a 0471410152
|
| 040 |
|
|
|a GrPaTEI
|b gre
|c GR-PaULI
|
| 040 |
|
|
|a GrPaTEI
|b gre
|c GR-PaULI
|
| 082 |
|
0 |
|a 658.84
|2 21
|
| 100 |
1 |
|
|a Saloner, Garth
|
| 245 |
1 |
0 |
|a Creating and capturing value :
|b Perspectives and cases on electronic commerce /
|c Garth Saloner / A.Michael Spence.
|
| 260 |
|
|
|a New York :
|b Wiley,
|c 2002
|
| 300 |
|
|
|a vi
|a 598σ. :
|b εικ. ;
|c 25εκ.
|
| 504 |
|
|
|a Περιλαμβάνει βιβλιογραφίες και ευρετήριο.
|
| 650 |
|
0 |
|a Electronic commerce
|
| 650 |
|
4 |
|a Ηλεκτρονικό εμπόριο
|
| 700 |
1 |
|
|a Spence, A.Michael
|
| 942 |
|
|
|2 ddc
|
| 952 |
|
|
|0 0
|1 0
|2 ddc
|4 0
|6 658_840000000000000_SAL
|7 0
|9 269905
|a MSLG
|b MSLG
|c BSC
|d 2021-01-17
|e 24
|f 0
|g 0.00
|l 0
|o 658.84 SAL
|p 2420000019958
|r 2021-01-17 00:00:00
|t 1
|w 2021-01-17
|y BK15
|x 20060710 0 1
|x GrPaTEI
|
| 971 |
|
|
|a .b25764925
|b 01-10-20
|c 13-09-16
|
| 999 |
|
|
|c 155828
|d 155828
|